Statistics for States That Beat New Jersey

Click here to take the quiz!

General Stats

  • This quiz has been taken 307 times
  • The average score is 17 of 21

Answer Stats

RankCategoryAnswer% Correct
10Most International TouristsNew York | Florida | California | Nevada | Hawaii | Texas | Massachusetts | Illinois | Arizona
100%
10Least % WhiteHawaii | California | New Mexico | Texas | Nevada | Maryland | Georgia | Florida | Arizona
99%
8Highest % HispanicNew Mexico | Texas | California | Arizona | Nevada | Florida | Colorado
98%
8(t)*Highest Life ExpectancyHawaii | California | New York | Minnesota | Connecticut | Massachusetts | Colorado | Washington(t)
96%
8Most Expensive Median Home PricesHawaii | California | Massachusetts | Washington | Colorado | Oregon | Utah
95%
4Smallest by AreaRhode Island | Delaware | Connecticut
93%
4Most People LeavingCalifornia | New York | Illinois
91%
7Highest Tax BurdenNew York | Hawaii | Vermont | Maine | Minnesota | Rhode Island
91%
4Highest Median RentHawaii | California | Maryland
84%
4Most Solar PowerCalifornia | Arizona | North Carolina
81%
3Highest % AsianHawaii | California
81%
4Lowest Gun OwnershipDelaware | Rhode Island | New York
80%
2Highest % of Residents Commuting on Public TransitNew York
77%
2Highest % Born Outside U.S.California
72%
3Highest % with a College DegreeMassachusetts | Colorado
70%
3Longest Average CommuteNew York | Maryland
70%
3Least % ObeseColorado | Hawaii
67%
3Least HappyNew York | Connecticut
64%
4Fewest Traffic Deaths Per CapitaNew York | Massachusetts | Minnesota
64%
2(t)*Highest % CatholicRhode Island | Massachusetts(t) | New Mexico(t)
59%
2Richest by Median IncomeMaryland
48%

Score Distribution

Percentile by Number Answered

Percent of People with Each Score

Your Score History

You have not taken this quiz